Hướng dẫn kỹ thuật nghiệp vụ hành chính

Sách cung cấp những kiến thức cơ bản về kỹ thuật nghiệp vụ hành chính như công tác văn thư; kỹ thuật xây dựng và thi hành văn bản; một số vấn đề về thủ tục hành chánh, về xây dựng hệ thống thông tin quản lý nhà nước phục vụ cải cá...

Full description

Saved in:
Bibliographic Details
Format: Book
Language:Undetermined
Published: Hà Nội Thống Kê 2003
Subjects:
Tags: Add Tag
No Tags, Be the first to tag this record!
Institutions: Trung tâm Học liệu Trường Đại học Cần Thơ
LEADER 01198nam a2200193Ia 4500
001 CTU_56935
008 210402s9999 xx 000 0 und d
082 |a 351.597 
082 |b H561 
245 0 |a Hướng dẫn kỹ thuật nghiệp vụ hành chính 
245 0 |c Nguyễn Văn Thâm, Lưu Kiếm Thanh, Lê Xuân Lam, Bùi Xuân Lự 
260 |a Hà Nội 
260 |b Thống Kê 
260 |c 2003 
520 |a Sách cung cấp những kiến thức cơ bản về kỹ thuật nghiệp vụ hành chính như công tác văn thư; kỹ thuật xây dựng và thi hành văn bản; một số vấn đề về thủ tục hành chánh, về xây dựng hệ thống thông tin quản lý nhà nước phục vụ cải cách hành chính; công tác lưu trữ. Ngoài ra, sách còn cung cấp một số văn bản quản quản lý nhà nước về công tác văn thư và công tác lưu trữ. 
650 |a Constitution, state,Public administration 
650 |x Vietnam 
904 |i T.Trang 
980 |a Trung tâm Học liệu Trường Đại học Cần Thơ